Normal view
MARC view
- The McGraw-Hill series in civil and environmental engineering
Entry Uniform Title
001 - CONTROL NUMBER
- control field: 6109
003 - CONTROL NUMBER IDENTIFIER
- control field: NUST
005 - DATE AND TIME OF LATEST TRANSACTION
- control field: 20171107121907.0
008 - FIXED-LENGTH DATA ELEMENTS
- fixed length control field: 171107|| aca||aabn | a|a d
040 ## - CATALOGING SOURCE
- Original cataloging agency: NUST
- Transcribing agency: NUST
130 ## - HEADING--UNIFORM TITLE
- Uniform title: The McGraw-Hill series in civil and environmental engineering
670 ## - SOURCE DATA FOUND
- Source citation: Work cat.: (NUST)0: Sawyer, Clair N. 6100, Chemistry for environmental engineering and science /, c2003.
